| 000 | 01037cam a2200337 i 4500 | ||
|---|---|---|---|
| 999 |
_c200442189 _d60401 |
||
| 003 | TR-AnTOB | ||
| 005 | 20210716105939.0 | ||
| 008 | 021114s1996 nyua b 001 0 eng | ||
| 010 | _a2002042743 | ||
| 020 | _a0387945350 | ||
| 040 |
_aDLC _cDLC _dDLC _dTR-AnTOB _beng _erda |
||
| 041 | 0 | _aeng | |
| 050 | _aQA155.7.E4 | ||
| 090 |
_aQA155.7.E4 _bH43 1996 |
||
| 100 |
_aHeck, A., _q(Andrâe) _928676 |
||
| 245 | 0 |
_aIntroduction to Maple / _cAndre Heck. |
|
| 250 | _aSecond ed. | ||
| 264 | 1 |
_aNew York : _bSpringer, _c1996. |
|
| 264 | 4 | _c©1996. | |
| 300 |
_axvi, 699 pages : _bill ustrations ; _c24 cm. |
||
| 336 |
_2rdacontent _atext _btxt |
||
| 337 |
_2rdamedia _aunmediated _bn |
||
| 338 |
_2rdacarrier _avolume _bnc |
||
| 504 | _aIncludes bibliographical references and index. | ||
| 630 | 0 | 0 |
_aMaple (Computer file) _928678 |
| 650 |
_aAlgebra _xData processing _943 |
||
| 856 | 4 |
_uhttp://www.loc.gov/catdir/toc/fy038/2002042743.html _3Table of contents |
|
| 942 |
_cBK _2lcc |
||